000 00284nam a22001337a 4500
008 170414b xxu||||| |||| 00| 0 eng d
020 _a9781556425011
041 _aeng
080 _a612.39
100 _a10
101 _aSHM
245 _aNUTRITION
_cFARRELL, M.L
942 _2udc
_cBK
999 _c10788
_d10788